Singapore, a decade of independence

সংরক্ষণ করুন:
গ্রন্থ-পঞ্জীর বিবরন
প্রধান লেখক: Ng, Charles
বিন্যাস: গ্রন্থ
ভাষা:Undetermined
প্রকাশিত: Singapore Alumni International Singapore 1975
বিষয়গুলি:
ট্যাগগুলো: ট্যাগ যুক্ত করুন
কোনো ট্যাগ নেই, প্রথমজন হিসাবে ট্যাগ করুন!
Thư viện lưu trữ: Trung tâm Học liệu Trường Đại học Cần Thơ
LEADER 00557nam a2200193Ia 4500
001 CTU_91563
008 210402s9999 xx 000 0 und d
082 |a 959.5 
082 |b N576 
100 |a Ng, Charles 
245 0 |a Singapore, a decade of independence 
245 0 |c Charles Ng, T. P. B. Menon 
260 |a Singapore 
260 |b Alumni International Singapore 
260 |c 1975 
650 |a Singapore 
650 |x Social conditions,Addresses, essays, lectures 
904 |i Nguyên 
980 |a Trung tâm Học liệu Trường Đại học Cần Thơ